[Event "It (open)"]
[Site "masterchessopen.com London (England)"]
[Round "6"]
[White "Williams Simon (ENG)"]
[Black "Lutton J Ezra (ENG)"]
[Result "1-0"]
[WhiteElo "2288"]
[BlackElo "2093"]

1.d4 Nf6 2.c4 e6 3.Nf3 b6 4.Bg5 Bb7 5.Nc3 Bb4 6.e3 h6 7.Bh4 g5 8.Bg3 Ne4 9.Qc2
c5 10.Bd3 Bxc3+ 11.bxc3 Nxg3 12.fxg3 d6 13.O-O Nd7 14.Nd2 Qe7 15.a4 a5 16.Nb1
h5 17.Na3 g4 18.Nb5 Nf6 19.Qf2 Be4 20.Be2 Nh7 21.Qf4 Bg6 22.Nxd6+ Kf8 23.e4
Kg7 24.e5 Rhf8 25.Qe3 Qc7 26.Rf4 Kg8 27.h3 f5 28.Bd3 Rad8 29.Rf2 Kg7 30.Rb1
Rb8 31.Kh2 Qc6 32.Rb5 Qc7 33.Bc2 Kh8 34.Rb1 Kg7 35.d5 Qd7 36.Rbf1 exd5 37.cxd5
f4 38.gxf4 Bxc2 39.Rxc2 Qxa4 40.Rd2 Qd7 41.f5 Kh8 42.c4 Qe7 43.Qg3 h4 44.Qf4
g3+ 45.Kh1 Rbd8 46.Ne4 Rde8 47.e6 Qd8 48.Qe5+ Nf6 49.d6 {#r} 1-0

[Event "Ch Slovakia (team) 2000/01 (2 liga) (d)"]
[Site "masterchessopen.com Slovakia"]
[Round "1"]
[White "Husek Zdenek (SVK)"]
[Black "Staricek Peter (SVK)"]
[Result "1-0"]
[WhiteElo "2253"]
[BlackElo "2156"]

1.d4 Nf6 2.c4 e6 3.Nf3 b6 4.Nc3 Bb7 5.Bg5 Bb4 6.e3 h6 7.Bh4 g5 8.Bg3 Ne4 9.Qc2
f5 10.Bd3 Bxc3+ 11.bxc3 d6 12.O-O Nd7 13.d5 exd5 14.cxd5 Bxd5 15.Nd4 Qf6 16.f3
Nxg3 17.hxg3 O-O 18.Bxf5 Nc5 19.f4 Kh8 20.e4 Bc4 21.Rf3 Rae8 22.Kf2 gxf4
23.Rh1 fxg3+ 24.Kxg3 Qg5+ 25.Kf2 Rf6 26.Kg1 Rg8 27.Rhh3 a5 28.Qf2 a4 29.Kh2
Qc1 30.Nc2 Rgf8 31.Ne3 Nd3 32.Qh4 Ne1 33.Rfg3 Qxc3 34.Ng4 Qb2 35.Nxh6 {#r} 1-0

[Event "It \"]
[Site "masterchessopen.com St. Petersburg (Russia)"]
[Round "6"]
[White "Kalinichev Konstantin (RUS)"]
[Black "Turikov Viktor (RUS)"]
[Result "0-1"]
[WhiteElo "2208"]
[BlackElo "2360"]

1.d4 b6 2.c4 Bb7 3.Nc3 e6 4.Nf3 Nf6 5.Bg5 h6 6.Bh4 Bb4 7.e3 c5 8.Bd3 cxd4
9.exd4 O-O 10.O-O d5 11.cxd5 Bxc3 12.bxc3 Qxd5 13.Bxf6 gxf6 14.Re1 Qh5 15.Rb1
Bxf3 16.gxf3 Nd7 17.Kh1 Kh8 18.Qe2 Rac8 19.Rbc1 Rg8 20.Rg1 f5 21.Rg3 Qh4
22.Ba6 Rcd8 23.Rcg1 Kh7 24.Bd3 Nf6 25.Qe5 Nh5 26.Rg4 Qf6 27.Qc7 Rc8 28.Qxa7
Rxg4 29.fxg4 Nf4 30.Bb1 Nh3 31.Rg3 Nxf2+ 32.Kg2 Nd1 33.gxf5 Nxc3 34.Qd7 Rd8
35.fxe6+ Nxb1 36.e7 Nd2 37.h4 Qf1+ 38.Kh2 Nf3+ 39.Rxf3 Qe2+ {#R} 0-1

[Event "It (cat.7)"]
[Site "masterchessopen.com Alushta (Ukraine)"]
[Round "4"]
[White "Arbakov Valentin (RUS)"]
[Black "Smirnov Igor (UKR)"]
[Result "0-1"]
[WhiteElo "2374"]
[BlackElo "2478"]

1.d4 Nf6 2.Nf3 e6 3.c4 b6 4.Nc3 Bb7 5.Bg5 h6 6.Bh4 Bb4 7.e3 d6 8.Bd3 Bxc3+
9.bxc3 Nbd7 10.O-O Qe7 11.Rb1 O-O 12.a4 a5 13.Qc2 e5 14.Nd2 e4 15.Be2 Rae8
16.Bxf6 Nxf6 17.Nb3 Nd7 18.Rfe1 f5 19.Bf1 Kh8 20.g3 Ba8 21.h4 g5 22.hxg5 hxg5
23.Bg2 Kg7 24.Kf1 Rh8 25.Ke2 Rh2 26.Rg1 Reh8 27.Nd2 Bb7 28.Nf1 Ba6 29.Nxh2
Bxc4+ 30.Kd2 Bd3 31.Qb3 Bxb1 32.Qxb1 Rxh2 33.Qb3 Nf6 34.Ke2 Qf7 35.Qxf7+ Kxf7
36.c4 Ng4 37.Kf1 Ke6 38.Rh1 Rxh1+ 39.Bxh1 d5 40.cxd5+ Kxd5 41.Ke2 Nh2 42.Bg2
g4 43.Kd2 Kc4 {#R} 0-1

[Event "Ch Europe"]
[Site "masterchessopen.com Batumi (Georgia)"]
[Round "11"]
[White "Malakhatko Vadim (BEL)"]
[Black "Aroshidze Levan (GEO)"]
[Result "1-0"]
[WhiteElo "2512"]
[BlackElo "2379"]

1.d4 Nf6 2.Nf3 e6 3.c4 b6 4.Nc3 Bb7 5.Bg5 h6 6.Bh4 Bb4 7.Nd2 Nc6 8.a3 Bxc3
9.bxc3 g5 10.Bg3 Nh5 11.e3 Nxg3 12.hxg3 Qe7 13.Nb3 d6 14.a4 a5 15.c5 bxc5
16.Bb5 Kf8 17.dxc5 Ne5 18.O-O dxc5 19.f4 Ng6 20.Qh5 Kg7 21.Rad1 Rhd8 22.Rxd8
Rxd8 23.Nxa5 Be4 24.Nc6 Bxc6 25.Bxc6 c4 26.Qe2 Qc5 27.Be4 Ne7 28.Kh2 Nd5
29.Bxd5 Qxd5 30.e4 Qd3 31.Qe1 Ra8 32.Rf3 Qd7 33.fxg5 hxg5 34.Qe3 Rh8+ 35.Kg1
Qd1+ 36.Rf1 Rh1+ 37.Kxh1 Qxf1+ 38.Kh2 f6 39.a5 Qd1 40.g4 Qd6+ 41.e5 Qa3
42.exf6+ Kxf6 43.Qd4+ Kg6 44.Qe5 Kf7 45.Qxc7+ Kf6 46.Qd8+ Kg6 47.Qg8+ Kf6
48.Qh8+ Kg6 49.Qe5 Kf7 50.Kg3 Qa1 51.Kf3 Qf1+ 52.Kg3 Qa1 53.Kf2 Qb2+ 54.Ke3
Qxg2 55.Qc7+ Kf6 56.Qxc4 Qg3+ 57.Kd2 Qf2+ 58.Kd1 Qg1+ 59.Kc2 Qf2+ 60.Kb3 e5
61.Qc6+ Kg7 62.Qd7+ {#r} 1-0

[Event "Olympiad (w)"]
[Site "masterchessopen.com Bled (Slovenia)"]
[Round "2"]
[White "Peng Zhaoqin (NED)"]
[Black "Hamid Rani (BAN)"]
[Result "1-0"]
[WhiteElo "2425"]
[BlackElo "2150"]

1.d4 Nf6 2.Nf3 e6 3.c4 b6 4.Nc3 Bb7 5.Bg5 h6 6.Bh4 Bb4 7.Nd2 Bxc3 8.bxc3 d6
9.f3 Nbd7 10.e4 e5 11.Qc1 O-O 12.Be2 Re8 13.O-O Nf8 14.Rd1 Ng6 15.Bf2 Qe7
16.Bf1 c5 17.Qc2 Nh5 18.g3 Qg5 19.dxc5 dxc5 20.Bg2 Ne7 21.Nf1 Nc6 22.Ne3 Na5
23.Nd5 Rac8 24.Bh3 Rb8 25.Bf5 Bxd5 26.cxd5 Nc4 27.Qe2 Nd6 28.Bg4 Qg6 29.a4 Nf6
30.Bh3 Qh5 31.Bg2 g5 32.g4 Qg6 33.a5 h5 34.h3 Kg7 35.axb6 axb6 36.Ra7 Qh6
37.Rb1 Qg6 38.c4 hxg4 39.hxg4 Qh6 40.Ra6 Nd7 41.Bg3 f6 42.Ra7 Rb7 43.Rxb7 Nxb7
44.Qc2 Na5 45.Qa2 Rd8 46.Be1 Nb7 47.Qa4 Rc8 48.Qa7 Rb8 49.Rxb6 Nxb6 50.Qxb8
{#r} 1-0

[Event "It (open) \"]
[Site "masterchessopen.com Cairo (Egypt)"]
[Round "3"]
[White "Ikonnikov Vyacheslav (RUS)"]
[Black "Chumfwa Stanley (ZAM)"]
[Result "1-0"]
[WhiteElo "2542"]
[BlackElo "2294"]

1.d4 Nf6 2.Nf3 e6 3.c4 b6 4.Nc3 Bb7 5.Bg5 Bb4 6.e3 h6 7.Bh4 g5 8.Bg3 Ne4 9.Qc2
Bxc3+ 10.bxc3 d6 11.Nd2 Nxg3 12.hxg3 Nd7 13.Rh2 c5 14.Be2 Rc8 15.f3 f5 16.Kf2
Qf6 17.Qa4 a6 18.Rah1 Ke7 19.Qb3 f4 20.Qb1 fxe3+ 21.Kxe3 d5 22.cxd5 cxd4+
23.cxd4 exd5 24.Nb3 Rc3+ 25.Kf2 Kd8 26.Qb2 Rc6 27.Rc1 Re8 28.Rxc6 Qxc6 29.Rh1
Qe6 30.Rc1 Nf6 31.Rc3 h5 32.Qd2 h4 33.gxh4 g4 34.Nc1 gxf3 35.Bxf3 Ne4+ 36.Bxe4
dxe4 37.Qg5+ Kd7 38.Qf4 Bc6 39.a3 Qd5 40.Qg4+ Kc7 41.Ne2 Rf8+ 42.Kg1 Kb7
43.Rg3 Bb5 44.Qg7+ Rf7 45.Nc3 Qd7 46.Qe5 Re7 47.Qd5+ Bc6 48.Qxd7+ Rxd7 49.h5
{#r} 1-0

[Event "It (open) \"]
[Site "masterchessopen.com Cairo (Egypt)"]
[Round "3"]
[White "Ikonnikov Vyacheslav (RUS)"]
[Black "Chumfwa Stanley (ZAM)"]
[Result "1-0"]
[WhiteElo "2542"]
[BlackElo "2294"]

1.d4 Nf6 2.Nf3 e6 3.c4 b6 4.Nc3 Bb7 5.Bg5 Bb4 6.e3 h6 7.Bh4 g5 8.Bg3 Ne4 9.Qc2
Bxc3+ 10.bxc3 d6 11.Nd2 Nxg3 12.hxg3 Nd7 13.Rh2 c5 14.Be2 Rc8 15.f3 f5 16.Kf2
Qf6 17.Qa4 a6 18.Rb1 Ke7 19.Qb3 f4 20.Qc2 {#r} 1-0

[Event "It (open)"]
[Site "masterchessopen.com Essen (Germany)"]
[Round "9"]
[White "Grosse-Frintrop Gerd (GER)"]
[Black "Dischinger Frank (GER)"]
[Result "0-1"]
[WhiteElo "2045"]
[BlackElo "2233"]

1.d4 Nf6 2.c4 b6 3.Nc3 Bb7 4.Nf3 e6 5.Bg5 h6 6.Bh4 Bb4 7.a3 Bxc3+ 8.bxc3 d6
9.Nd2 Nbd7 10.f3 O-O 11.e4 e5 12.Bd3 Kh8 13.Nf1 Qe8 14.d5 Nh5 15.Ne3 Nf4
16.Bc2 Nc5 17.O-O a5 18.a4 Rg8 19.Be1 g5 20.g3 Ng6 21.Nf5 Qf8 22.f4 gxf4
23.Qh5 Nd7 24.Nxh6 Nf6 25.Qh3 Bc8 26.Nf5+ Nh7 27.Kh1 Qd8 28.Bd2 Qf6 29.gxf4
Bxf5 30.exf5 Nxf4 31.Bxf4 exf4 32.Rxf4 Rg7 33.Rh4 Rag8 34.Rh6 Qg5 35.Rg6 fxg6
36.Rg1 Qh5 37.Qe3 gxf5 38.Rf1 Qg5 39.Qf2 Qg2+ 40.Qxg2 Rxg2 41.Bxf5 Re2 {#R}
0-1

[Event "It (open)"]
[Site "masterchessopen.com Ferrol (Spain)"]
[Round "9"]
[White "Legaspi Folgueira Jairo (ESP)"]
[Black "Soto Gutierrez Alfonso (ESP)"]
[Result "0-1"]
[WhiteElo "1965"]
[BlackElo "1956"]

1.d4 Nf6 2.c4 e6 3.Nf3 b6 4.Nc3 Bb7 5.Bg5 h6 6.Bh4 Bb4 7.a3 Bxc3+ 8.bxc3 d5
9.e3 Nbd7 10.Be2 O-O 11.O-O c5 12.Nd2 Re8 13.f4 Rc8 14.Rc1 Nf8 15.Nf3 cxd4
16.cxd4 Ng6 17.Bf2 Ng4 18.Ne5 Nxf2 19.Rxf2 Ne7 20.Bd3 dxc4 21.Bxc4 Nf5 22.Qe1
Be4 23.Bd3 Rxc1 24.Qxc1 Bxd3 25.Nxd3 Qd5 26.Qc7 Nxe3 27.Ne5 Rf8 28.Nc6 Qb3
29.h3 b5 30.Kh2 Nd5 31.Qd6 Qe3 32.Rf3 Qd2 33.f5 Ne3 34.Ne7+ Kh7 35.Qg3 Nxf5
36.Nxf5 exf5 37.Rxf5 Qxd4 38.Qf3 Kg8 39.Qb3 Qd6+ 40.Kh1 g6 41.Rxb5 Rc8 42.Qb2
Qf4 43.g4 Qe4+ 44.Kg1 Rc2 {#R} 0-1

[Event "Cup Independence (open)"]
[Site "masterchessopen.com Kiev (Ukraine)"]
[Round "8"]
[White "Shishkin Vadim (UKR)"]
[Black "Nogin Nikolai (UKR)"]
[Result "0-1"]
[WhiteElo "2404"]
[BlackElo "2364"]

1.d4 Nf6 2.c4 e6 3.Nf3 b6 4.Nc3 Bb7 5.Bg5 h6 6.Bh4 Bb4 7.Nd2 O-O 8.e3 c5 9.a3
cxd4 10.exd4 Be7 11.Nf3 d5 12.Rc1 Nbd7 13.Bg3 Rc8 14.Nb5 a6 15.Nd6 Bxd6
16.Bxd6 Re8 17.cxd5 Rxc1 18.Qxc1 exd5+ 19.Be2 Re6 20.Bf4 Qe7 21.Qc2 g5 22.Be3
Ng4 23.O-O Nxe3 24.fxe3 Rxe3 25.Bd3 g4 26.Nd2 Re1 27.Rxe1 Qxe1+ 28.Nf1 {#R}
0-1

[Event "It (cat.7)"]
[Site "masterchessopen.com Roznov (Czech Republic)"]
[Round "4"]
[White "Obsivac Josef (CZE)"]
[Black "Berezjuk Sergej (CZE)"]
[Result "0-1"]
[WhiteElo "2344"]
[BlackElo "2448"]

1.d4 Nf6 2.c4 e6 3.Nf3 b6 4.Nc3 Bb7 5.Bg5 h6 6.Bh4 Bb4 7.Qb3 Be7 8.e3 Ne4
9.Nxe4 Bxh4 10.Nc3 Be7 11.e4 d6 12.Be2 Nd7 13.O-O c5 14.d5 e5 15.Qc2 Bc8 16.a3
Nf8 17.b4 Ng6 18.Rfb1 O-O 19.bxc5 bxc5 20.Rb3 Nf4 21.Bf1 f5 22.Rab1 Qe8 23.Nb5
Qd8 24.Nd2 fxe4 25.Nxe4 Bf5 26.Nbc3 Qe8 27.Rb7 Qg6 28.Kh1 Bd8 29.f3 Ba5 30.Nb5
a6 31.Na7 Bd8 32.Nc6 Bg5 33.Re1 h5 34.Rb6 h4 35.Nxe5 Qh5 36.Rxd6 Rae8 37.Nd3
h3 38.g4 Qh4 39.gxf5 Nxd3 40.Re2 Nf4 41.Rf2 Rxf5 42.Nxc5 Re1 43.Ne4 Ne2
44.Qxe2 Rxe2 45.Bxe2 Be3 46.Rf1 Rg5 47.f4 Rg2 48.Bf3 Bxf4 49.Bxg2 hxg2+
50.Kxg2 Qxh2+ 51.Kf3 Bxd6 52.Nxd6 Qxd6 53.Ke4 Qxa3 54.Rd1 Kf7 55.d6 Ke8 56.Rd5
Qb4 {#R} 0-1

[Event "It (open) \"]
[Site "masterchessopen.com St. Petersburg (Russia)"]
[Round "2"]
[White "Melkonyan Leonard (RUS)"]
[Black "Obukhov Alexander (RUS)"]
[Result "0-1"]
[WhiteElo "2334"]
[BlackElo "2485"]

1.d4 Nf6 2.c4 e6 3.Nf3 b6 4.Bg5 Bb7 5.Nc3 h6 6.Bh4 Bb4 7.Qb3 c5 8.a3 Bxc3+
9.Qxc3 g5 10.Bg3 Ne4 11.Qd3 d6 12.Nd2 Nxg3 13.hxg3 Nc6 14.e3 Qe7 15.dxc5 bxc5
16.Qc3 O-O-O 17.Be2 Kb8 18.g4 f5 19.O-O-O Ne5 20.gxf5 exf5 21.Rh2 h5 22.Qc2
Ng4 23.Bxg4 fxg4 24.Nf1 h4 25.Qf5 Rhf8 26.Qc2 Rf6 27.Qe2 Rdf8 28.Qxg4 Rxf2
{#R} 0-1

[Event "Ukrainian Games"]
[Site "masterchessopen.com Alushta (Ukraine)"]
[Round "2"]
[White "Ovsejevitsch Sergei (UKR)"]
[Black "Smirnov Igor (UKR)"]
[Result "1-0"]
[WhiteElo "2521"]
[BlackElo "2442"]

1.d4 Nf6 2.c4 e6 3.Nf3 b6 4.Nc3 Bb7 5.Bg5 h6 6.Bh4 Bb4 7.e3 g5 8.Bg3 Ne4 9.Nd2
Nxg3 10.hxg3 Bxc3 11.bxc3 d6 12.Rh2 Nd7 13.Be2 Qf6 14.Qa4 a5 15.Bf3 O-O-O
16.Rb1 Qg6 17.Bxb7+ Kxb7 18.Ke2 Nf6 19.Rhh1 Ne4 20.Nxe4 Qxe4 21.f3 Qc6
22.Qxc6+ Kxc6 23.g4 Rdg8 24.a4 Rf8 25.Rb5 Re8 26.Kd2 Rd8 27.Rh3 Rdg8 28.Rh2
Rg6 29.Rh1 Rgg8 30.e4 f6 31.Ke3 e5 32.c5 Rb8 33.cxd6 cxd6 34.Kd3 Rbc8 35.Rhb1
Rb8 36.c4 Rhd8 37.Rd5 exd4 38.Rf5 Rf8 39.Rh1 Rb7 40.Rxh6 Rbf7 41.Kxd4 Kc7
42.Rb5 Kc6 43.Rb1 Re7 44.Rbh1 Rg7 45.Rh7 Rxh7 46.Rxh7 Rg8 47.Rh6 Rf8 48.g3 Rf7
49.Rh8 Rg7 50.Rc8+ Kd7 51.Rb8 Kc6 52.Rc8+ Kd7 53.Rf8 Ke6 54.Rb8 Rh7 55.Rxb6
Rh1 56.c5 Ra1 57.Rxd6+ Ke7 58.Ra6 Rxa4+ 59.Kd5 Ra3 60.Ra7+ Kd8 61.f4 Rxg3
62.f5 {#r} 1-0

[Event "Tournament (Elo) (a)"]
[Site "masterchessopen.com Budapest (Hungary)"]
[Round "4"]
[White "Metaxasz Vaszilisz (HUN)"]
[Black "Clech Jean-Louis (FRA)"]
[Result "1-0"]
[WhiteElo "2109"]
[BlackElo "2089"]

1.c4 b6 2.Nc3 e6 3.Nf3 Bb7 4.d4 Nf6 5.Bg5 h6 6.Bh4 Bb4 7.e3 O-O 8.Bd3 d5
9.cxd5 exd5 10.Ne5 Be7 11.Qf3 Ne4 12.Nxe4 Bxh4 13.Ng3 Bc8 14.Nf5 Bf6 15.Ng4
Bg5 16.h4 Bxf5 17.Qxf5 g6 18.Qf3 Be7 19.Nxh6+ Kg7 20.Ng4 Qd6 21.a3 Nd7 22.h5
gxh5 23.Rxh5 Rh8 24.Ne5 Nxe5 25.dxe5 {#r} 1-0

[Event "It (open) \"]
[Site "masterchessopen.com Gijon (Spain)"]
[Round "2"]
[White "Chakhoyan Konstantin (ARM)"]
[Black "Lorinczi Retek Pedro (ESP)"]
[Result "1-0"]
[WhiteElo "2054"]
[BlackElo "1575"]

1.d4 Nf6 2.c4 e6 3.Nf3 b6 4.Nc3 Bb7 5.Bg5 h6 6.Bh4 Bb4 7.a3 Bxc3+ 8.bxc3 g5
9.Bg3 Ne4 10.Qc2 d6 11.e3 f5 12.Rd1 Qf6 13.Nd2 Nxg3 14.hxg3 Nd7 15.f3 d5
16.cxd5 exd5 17.Bd3 O-O 18.Kf2 c5 19.Qb1 Kg7 20.f4 Qe6 21.Nf3 c4 22.Bc2 Nf6
23.Bxf5 Ne4+ 24.Bxe4 dxe4 25.Ne5 a6 26.Rh5 Rf6 27.Rdh1 Rh8 28.Ke2 gxf4 29.gxf4
b5 30.Qb4 Rc8 31.g4 Rcf8 32.g5 {#r} 1-0

[Event "Ch Russia (1/2 final)"]
[Site "masterchessopen.com Tula (Russia)"]
[Round "7"]
[White "Sitnikov Igor (RUS)"]
[Black "Vasiliev Vladimir P (RUS)"]
[Result "0-1"]
[WhiteElo "2401"]
[BlackElo "2357"]

1.d4 Nf6 2.c4 e6 3.Nf3 b6 4.Nc3 Bb7 5.Bg5 h6 6.Bh4 Bb4 7.e3 Bxc3+ 8.bxc3 d6
9.Bd3 Nbd7 10.O-O Qe7 11.Nd2 g5 12.Bg3 e5 13.Re1 e4 14.Be2 h5 15.f3 h4 16.Bf2
O-O-O 17.a4 a5 18.Rb1 h3 19.g3 exf3 20.Bxf3 Ne4 21.Rb3 Nxd2 22.Bxb7+ Kxb7
23.Qxd2 Qe4 24.Kf1 g4 25.Bg1 Rh6 26.Re2 Rf6+ 27.Ke1 Qh1 28.Kd1 Rf1+ 29.Re1
Qxg1 30.Rxf1 Qxf1+ 31.Qe1 Qxc4 32.Qh1+ c6 33.Rb2 Qxc3 34.Rc2 Qd3+ 35.Kc1 Qxe3+
36.Kb1 Qb3+ 37.Kc1 Qxa4 38.Kb1 d5 39.Qd1 f5 40.Qc1 Qxd4 41.Qh6 Qf6 42.Qf4 Qe5
43.Qa4 b5 {#R} 0-1

[Event "Ch Russia (juniors) (under 16) (g)"]
[Site "masterchessopen.com Dagomys (Russia)"]
[Round "2"]
[White "Veretennikova Ekaterina (RUS)"]
[Black "Khabalonova Tamara (RUS)"]
[Result "1-0"]
[WhiteElo "1904"]
[BlackElo "1943"]

1.d4 e6 2.c4 b6 3.Nf3 Bb7 4.Nc3 Nf6 5.Bg5 h6 6.Bh4 Bb4 7.Qc2 O-O 8.a3 Bxc3+
9.Qxc3 d6 10.e3 Nbd7 11.Be2 Qe8 12.O-O Rc8 13.Rfd1 c6 14.Rac1 d5 15.cxd5 cxd5
16.Qe1 Ne4 17.Rxc8 Qxc8 18.Rc1 Qb8 19.Bb5 Bc8 20.Nd2 Ndf6 21.Nxe4 Nxe4 22.Be7
a6 23.Bxf8 Kxf8 24.Qb4+ Kg8 25.Bd3 Nf6 26.Qe7 Bd7 27.Bxa6 Ng4 28.g3 Nf6 29.Bc8
Qa7 30.Bxd7 Qxd7 {#r} 1-0

[Event "It (open)"]
[Site "masterchessopen.com Creon (France)"]
[Date "2004.08.04"]
[Round "4"]
[White "Malakhatko Vadim (BEL)"]
[Black "Bruned Yvain (ESP)"]
[Result "1-0"]
[WhiteElo "2571"]
[BlackElo "2284"]

1.d4 Nf6 2.Nf3 e6 3.c4 b6 4.Nc3 Bb7 5.Bg5 h6 6.Bh4 Bb4 7.Nd2 O-O 8.e3 d5
9.cxd5 exd5 10.Be2 Be7 11.O-O c5 12.Bf3 Nbd7 13.Bg3 Rc8 14.Nb5 a6 15.Nd6 Bxd6
16.Bxd6 Re8 17.Rc1 cxd4 18.Rxc8 Qxc8 19.exd4 Ne4 20.Bf4 Ndf6 21.h3 Qe6 22.Re1
Qc6 23.Nf1 Qc4 24.a3 Qb5 25.Re2 Rc8 26.Rc2 a5 27.Be2 Qd7 28.Ne3 Rxc2 29.Qxc2
Bc6 30.Be5 Ne8 31.Qc1 N8d6 32.Bg4 f5 33.Bh5 Kh7 34.f3 Ng5 35.Bxd6 Qxd6 36.h4
Nh3+ 37.gxh3 g6 38.Bxg6+ Qxg6+ 39.Ng2 Be8 40.Qc7+ Bf7 41.Kh2 Qf6 42.Qf4 Bg6
43.Ne3 Qe6 44.Kg3 h5 45.Qc7+ Bf7 46.Qe5 Qg6+ 47.Kf2 Be6 48.Qc7+ Kh6 49.Ng2 Bf7
50.Qe5 Kh7 51.Nf4 Qc6 52.Qxf5+ Kg8 53.Ne2 Qc7 54.Qf4 Qc8 55.Qg5+ Kf8 56.Qh6+
Kg8 57.Qxb6 Qxh3 58.Qb8+ Kh7 59.Qg3 Qc8 60.Qf4 Kg8 61.b4 a4 62.b5 Qb7 63.Qg5+
Kh7 64.Qf6 Be8 65.b6 Bc6 66.Qd8 Qg7 67.Qc7 Ba8 68.Ng3 Kh6 69.Qxg7+ {#r} 1-0

[Event "It (cat.9)"]
[Site "masterchessopen.com Alushta (Ukraine)"]
[Date "2004.09.17"]
[Round "11"]
[White "Nikitin Andrey (RUS)"]
[Black "Ogloblin Nikolay (RUS)"]
[Result "1-0"]
[WhiteElo "2458"]
[BlackElo "2447"]

1.d4 Nf6 2.c4 e6 3.Nf3 b6 4.Nc3 Bb7 5.Bg5 Bb4 6.e3 h6 7.Bh4 g5 8.Bg3 Ne4 9.Qc2
Bxc3+ 10.bxc3 d6 11.Bd3 f5 12.d5 Qf6 13.Nd4 Nc5 14.f4 Nbd7 15.O-O Nxd3 16.Qxd3
Nc5 17.Qe2 O-O-O 18.a4 a5 19.e4 fxe4 20.fxg5 Qxg5 21.dxe6 Kb8 22.Rf5 Qg6 23.e7
Rde8 24.Bh4 Rhg8 25.Raf1 Nxa4 26.Rf6 Qh7 27.Rf8 e3 28.Rxe8+ Rxe8 29.Rf8 Qg6
30.Rxe8+ Qxe8 31.Qf1 Bc8 32.Qf8 Bd7 33.Ne6 Kb7 34.Qf3+ c6 35.Qxe3 Bxe6 36.Qxe6
Nc5 37.Qxd6 Nd7 38.Bg3 {#r} 1-0

[Event "It (open)"]
[Site "masterchessopen.com Ashdod (Israel)"]
[Date "2004.12.14"]
[Round "8"]
[White "Eljanov Pavel (UKR)"]
[Black "Porat Shi (ISR)"]
[Result "1-0"]
[WhiteElo "2629"]
[BlackElo "2421"]

1.d4 Nf6 2.c4 e6 3.Nf3 b6 4.Nc3 Bb7 5.Bg5 h6 6.Bh4 Bb4 7.Nd2 Nc6 8.e3 e5 9.d5
Bxc3 10.bxc3 Nb8 11.Bd3 Na6 12.Nb3 Qe7 13.O-O Nc5 14.Nxc5 Qxc5 15.Bxf6 gxf6
16.Qf3 Qd6 17.a4 a5 18.Rab1 O-O-O 19.Rb5 Ba6 20.Rb3 Qc5 21.d6 Bb7 22.Be4 Bxe4
23.Qxe4 Qc6 24.Qd5 Qxd5 25.cxd5 Kb7 26.Rfb1 Rb8 27.dxc7 Kxc7 28.c4 f5 29.c5 d6
30.Rxb6 Rxb6 31.Rxb6 dxc5 32.Rc6+ Kd7 33.Rxc5 Ra8 34.g3 Kd6 35.Rb5 e4 36.Kg2
Ra6 37.Kh3 Ra7 38.g4 fxg4+ 39.Kxg4 Ke5 40.d6+ Kxd6 41.Kf4 Rc7 42.Rxa5 Rc2
43.Ra6+ Kd5 44.Kg3 Ra2 45.Rxh6 Rxa4 46.Rf6 Ra7 47.Kf4 Ra2 48.Kg5 Ra1 49.h4 Kc4
50.Rxf7 Kd3 51.Rf5 Ke2 52.h5 Rg1+ 53.Kf6 Rh1 54.Kg6 Rg1+ 55.Rg5 Rh1 56.Rg4
Kxf2 57.Rxe4 Kf3 58.Re5 {#r} 1-0

[Event "Ch Mediterranean"]
[Site "masterchessopen.com Antalya (Turkey)"]
[Date "2004.12.15"]
[Round "6"]
[White "Citak Selim (TUR)"]
[Black "Yagiz Yasin Emrah (TUR)"]
[Result "1-0"]
[WhiteElo "2212"]
[BlackElo "2147"]

1.d4 e6 2.Nf3 Nf6 3.c4 b6 4.Nc3 Bb7 5.Bg5 Bb4 6.e3 h6 7.Bh4 g5 8.Bg3 Ne4 9.Qc2
c5 10.Bd3 Nxg3 11.hxg3 Qf6 12.O-O-O Bxc3 13.Qxc3 cxd4 14.exd4 Bxf3 15.gxf3 Nc6
16.Be2 Rc8 17.Kb1 h5 18.Ka1 h4 19.Qd2 Ne7 20.d5 e5 21.Bd3 Nf5 22.f4 gxf4
23.gxf4 Ne7 24.fxe5 Qxe5 25.Rhe1 Qf6 26.d6 Qxd6 27.Qc3 Rh6 28.Bf5 Qxd1+
29.Rxd1 Nxf5 30.Qe5+ Kf8 31.Qxf5 Rcc6 32.b3 Rcf6 33.Qxd7 h3 34.Rh1 h2 35.Qd8+
Kg7 36.Qd4 Kf8 37.f4 Rfg6 38.Qf2 Rg1+ 39.Rxg1 h1=Q {#r} 1-0

[Event "It (open)"]
[Site "masterchessopen.com Zadar (Croatia)"]
[Date "2004.12.18"]
[Round "8"]
[White "Zezelj Vladislav (CRO)"]
[Black "Sliskovic Anto (CRO)"]
[Result "1-0"]
[WhiteElo "2184"]
[BlackElo "2016"]

1.d4 b6 2.c4 e6 3.Nc3 Bb7 4.Nf3 Nf6 5.Bg5 h6 6.Bh4 Bb4 7.e3 g5 8.Bg3 Ne4 9.Qc2
f5 10.Nd2 Bxc3 11.bxc3 d6 12.a4 Nd7 13.f3 Nef6 14.Bd3 Qe7 15.Bf2 a5 16.Rb1 O-O
17.O-O Rad8 18.e4 f4 19.Nb3 Ba6 20.Rfe1 e5 21.c5 Bxd3 22.cxd6 Bxc2 23.dxe7
Bxb1 24.exf8=Q+ Kxf8 25.Rxb1 Ne8 26.Kf1 Nd6 27.Ke2 Ra8 28.Kd3 b5 29.Nc5 Nxc5+
30.dxc5 Nc4 31.Rxb5 Na3 32.Rb7 Rd8+ 33.Ke2 Nc4 34.Be1 Ne3 35.Rxc7 Nxg2 36.Bf2
Rb8 37.c6 Nh4 38.Bc5+ Kg8 39.Rd7 Rb2+ 40.Kd1 Nxf3 41.c7 Rd2+ 42.Rxd2 Nxd2
43.c8=Q+ Kg7 44.Qd7+ {#r} 1-0

[Event "Ch France (team) (nat.2) 2004/05"]
[Site "masterchessopen.com France"]
[Date "2005.01.09"]
[Round "6"]
[White "Amigues Emmanuel (FRA)"]
[Black "Daloz Jean-Michel (FRA)"]
[Result "1-0"]
[WhiteElo "2341"]
[BlackElo "2191"]

1.d4 Nf6 2.Nf3 e6 3.c4 b6 4.Nc3 Bb7 5.Bg5 h6 6.Bh4 Bb4 7.Nd2 Bxc3 8.bxc3 g5
9.Bg3 d6 10.f3 Qe7 11.e4 e5 12.Bf2 Nbd7 13.Be2 O-O-O 14.Nf1 Rde8 15.Ne3 Bxe4
16.fxe4 Nxe4 17.Nd5 Qe6 18.Qa4 Kb7 19.O-O Nb8 20.Bd3 f5 21.Bxe4 fxe4 22.Nxc7
Kxc7 23.Qxa7+ Kc8 24.d5 Qd7 25.Qxb6 Rh7 26.Rab1 Qc7 27.Qb5 Rg8 28.Bb6 Qd7
29.Qa5 h5 30.c5 dxc5 31.Qxc5+ {#r} 1-0

[Event "It \"]
[Site "masterchessopen.com Werther (Germany)"]
[Date "2005.03.20"]
[Round "5"]
[White "Dahmen Christoph (GER)"]
[Black "Kniest Oliver (GER)"]
[Result "1-0"]
[WhiteElo "2088"]
[BlackElo "2265"]

1.d4 e6 2.c4 b6 3.Nc3 Bb7 4.Nf3 Nf6 5.Bg5 Bb4 6.e3 h6 7.Bh4 g5 8.Bg3 Ne4 9.Qc2
Bxc3+ 10.bxc3 Nxg3 11.hxg3 f5 12.g4 Qf6 13.gxf5 exf5 14.Bd3 O-O 15.d5 c5
16.O-O-O d6 17.Rh2 Kg7 18.g4 fxg4 19.Nd2 Nd7 20.Ne4 Qe5 21.Rdh1 Rh8 22.Ng3
Raf8 23.Nf5+ Rxf5 24.Bxf5 Nf6 25.Kb2 h5 26.Bxg4 Nxg4 27.Rxh5 Rxh5 28.Rxh5 Nf6
29.f4 Qxe3 30.Rxg5+ Kf8 31.Qh2 Ng8 32.Rg2 Qe4 33.f5 Qe5 34.Qh5 Ne7 35.Qh6+ Kf7
36.Qh5+ Kf8 37.Qh4 Nxd5 38.Qd8+ Kf7 39.Qg8+ {#r} 1-0

[Event "Ch France (team) (nat.1) 2004/05"]
[Site "masterchessopen.com France"]
[Date "2005.05.05"]
[Round "8"]
[White "Lacour Serge (FRA)"]
[Black "Romieux Sebastien (FRA)"]
[Result "1-0"]
[WhiteElo "2130"]
[BlackElo "2240"]

1.d4 Nf6 2.c4 e6 3.Nf3 b6 4.Nc3 Bb7 5.Bg5 Bb4 6.e3 h6 7.Bh4 g5 8.Bg3 Ne4 9.Qc2
Nxg3 10.fxg3 g4 11.Nh4 Qg5 12.Qf2 Nc6 13.Bd3 O-O-O 14.O-O f5 15.c5 bxc5 16.a3
cxd4 17.axb4 Nxb4 18.exd4 Nxd3 19.Qe2 Nb4 20.Rxa7 c6 21.Kh1 Kb8 22.Rfa1 Nd5
23.Nxd5 exd5 24.Qd1 Rh7 25.Rxb7+ {#r} 1-0

[Event "Cup Torch Real Estate"]
[Site "masterchessopen.com Wuxi (China)"]
[Date "2005.05.13"]
[Round "12"]
[White "Zhao Xue (CHN)"]
[Black "Li Hanbin (CHN)"]
[Result "1-0"]
[WhiteElo "2478"]
[BlackElo "2340"]

1.d4 Nf6 2.c4 e6 3.Nf3 b6 4.Nc3 Bb7 5.Bg5 h6 6.Bh4 Bb4 7.Nd2 d5 8.Qa4+ Nc6
9.cxd5 Bxc3 10.bxc3 exd5 11.e3 O-O 12.Be2 Na5 13.O-O Qd7 14.Qc2 Ne4 15.Nxe4
dxe4 16.c4 f5 17.Bg3 Nc6 18.Rad1 a5 19.d5 Nb4 20.Qb2 Rf6 21.Be5 Rg6 22.h4 h5
23.Bf4 Qf7 24.a3 Na6 25.f3 Rf6 26.Bg5 exf3 27.Rxf3 Rd6 28.e4 Nc5 29.Rxf5 Qg6
30.Bf3 Re8 31.Rf4 Nxe4 32.Bxe4 Rxe4 33.Qb1 Rxf4 34.Qxg6 Rf1+ 35.Kxf1 Rxg6
36.Bd8 Ba6 37.Bxc7 Bxc4+ 38.Kg1 Bb5 39.d6 Bd7 40.Bxb6 a4 41.Bd8 Kf7 42.Kf2 Ke6
43.Be7 Rg4 44.Re1+ Kd5 45.g3 g6 46.Bf8 Re4 47.Rb1 Ke6 48.Rd1 Rg4 49.Re1+ Kd5
50.Rb1 Re4 51.Rb2 Rg4 52.Rb7 Ke6 53.Rb1 Kd5 54.Be7 Ke6 55.Rd1 Rc4 56.Rd3 Re4
57.Bg5 Rc4 58.Bf4 Re4 59.Rc3 Kd5 60.Rc7 Ke6 61.Rc5 Kf7 62.Kf3 Re1 63.Rc3 Ke6
64.Rc5 Kf7 65.Rc7 Ke6 66.Bd2 Rb1 67.Bb4 Rb3+ 68.Kf4 Rd3 69.Rc4 Rb3 70.Re4+ Kd5
71.Re7 Kc6 72.Rg7 Rxb4+ 73.axb4 a3 74.Re7 a2 75.Re1 Kxd6 76.Ra1 Be6 77.Kg5 Bf7
78.Kf6 Bc4 79.Kxg6 {#r} 1-0